000 00358 a2200169 4500
001 57038
020 _a8532207944
040 _cAnchieta - Pituba
100 _aBraz, Júlio Emílio
240 1 0 _aAbre-te, sésamo!
_lpor
245 1 0 _aAbre-te, sésamo!
300 _a64
362 0 _a1993
440 1 _aFTD
650 4 _aLiteratura juvenil
942 _cBK
999 _c57038
_d57038